Industrial jurisprudence : a critical commentary (Record no. 290832)

MARC details
000 -LEADER
fixed length control field 00483nam a2200205Ia 4500
003 - CONTROL NUMBER IDENTIFIER
control field OSt
005 - DATE AND TIME OF LATEST TRANSACTION
control field 20240925151224.0
008 - FIXED-LENGTH DATA ELEMENTS--GENERAL INFORMATION
fixed length control field 240126s9999 xx 000 0 und d
020 ## - INTERNATIONAL STANDARD BOOK NUMBER
International Standard Book Number 9789351433873
040 ## - CATALOGING SOURCE
Transcribing agency 0
041 ## - LANGUAGE CODE
Language code of text/sound track or separate title English
082 ## - DEWEY DECIMAL CLASSIFICATION NUMBER
Classification number 344.01 RAO;1 R
100 ## - MAIN ENTRY--PERSONAL NAME
Personal name Rao, E M.
245 #0 - TITLE STATEMENT
Title Industrial jurisprudence : a critical commentary
250 ## - EDITION STATEMENT
Edition statement 2nd ed.
260 ## - PUBLICATION, DISTRIBUTION, ETC.
Name of publisher, distributor, etc. Lexis Nexis
Place of publication, distribution, etc. Haryana
300 ## - PHYSICAL DESCRIPTION
Extent lxii, 803
440 ## - SERIES STATEMENT/ADDED ENTRY--TITLE
Title NULL
942 ## - ADDED ENTRY ELEMENTS (KOHA)
Koha item type Law Books
Source of classification or shelving scheme Dewey Decimal Classification
Holdings
Date last seen Total checkouts Full call number Accession number Date due Volume/Issue Number Date last checked out Cost, total (INR) price Price effective from Category Lost status Source of classification or shelving scheme Damaged status Department Withdrawn status Home library Current library Shelving location Entry date Vendor Cost, normal purchase price Grants Billnumber Currency symbol Conversion rate Discount
02/04/2024 1 344.01 RAO;1 R LL1951 28/01/2022 (07/07/1905) 02/04/2024 671.25 26/01/2024 Law Books   Dewey Decimal Classification   LAW   Law Library Law Library   10/11/2020 MPP House 895.00 Law 506 RS 1 25

© For any Suggestions or Query, please contact the library staff @ librarian@pes.edu or Phone: +9180 2672 1983/ 2108.